=LDR 00000nam 2200000 4500 =001 INLIS000000000029970 =005 20130612132146 =008 ***********************************Ind** =035 ##$$0010-061300000029970 =041 ##$$a Ind =082 ##$$a 027.502 02 =090 ##$$a 027.502 02, Ped p =245 ##$$a Pedoman teknis subdirektorat bibliografi, editor Sauliah Saleh =260 ##$$a 2007 $b Jakarta =300 ##$$a iii, 51 hlm, ilus6c29 cm =650 ##$$a Perpustakaan nasional-Panduan =850 ##$$a NBPNMAT